Joshua Cruice
Oxford C
Categories
Philosophy | 0 | 2 | 1 | 0 | 15 | 118 | 128.50 | 0 | 0 |
Fine Arts - Other Fine Arts | 0 | 1 | 0 | 0 | 10 | 129 | 129.00 | 1 | 1 |
History - European History | 0 | 1 | 0 | 1 | 10 | 121 | 121.00 | 0 | 0 |
Literature - American Literature | 0 | 1 | 0 | 0 | 10 | 93 | 93.00 | 0 | 0 |
Literature - World Literature | 0 | 1 | 0 | 0 | 10 | 124 | 124.00 | 0 | 1 |
Science - Physics | 0 | 1 | 0 | 1 | 10 | 125 | 125.00 | 0 | 0 |
Fine Arts - Classical Music | 0 | 1 | 0 | 0 | 10 | 121 | 121.00 | 0 | 0 |
Science - Biology | 0 | 1 | 0 | 0 | 10 | 52 | 52.00 | 1 | 1 |
Science - Other Science | 0 | 1 | 0 | 0 | 10 | 86 | 86.00 | 0 | 0 |
Religion | 0 | 0 | 1 | 0 | -5 | 0.00 | 0 | 0 |